MDQL
is popping MORE tags! Check the
thread
!
Quizzes
Events
Quiz Creation
Community
Videos
Private Events
Remove Ads
Sign In
Join for FREE
Feedback
Dark Mode
Quiz Categories
Sports
Geography
Music
Movies
Television
Just For Fun
Miscellaneous
History
Literature
Language
Science
Gaming
Entertainment
Religion
Holiday
For Kids
Quiz Lab
Recent
Popular Today
Quiz Kudos Today
Editor Picks
Curator Picks
Quizzes by...
Day
Popularity
Type
Ratings
Length
Year
Community
Subscriptions
Recent Discussions
Orange Saloon
Badges
Playlists
Quests
Create
Leaderboards
Showdown
Live 5
Trivia Bingo
Activity
Puzzle Library
Sporcle Events
Private Events
Virtual Trivia
Globe League
Become a Host
Pub Owners
SporcleCon
Opinionation
Our Games
Videos
Blog
Mobile Apps
Partnerships
Remove Ads and Go Orange
Feedback
Gaming
Video Games
Board Games
Card Games
Pokémon
Mario
Nintendo
Minecraft
Console
Toys
Legend of Zelda
Gaming
Video Games
Board Games
Card Games
Pokémon
Mario
Nintendo
Minecraft
Console
Toys
Legend of Zelda
Random Quiz
Search Sporcle
×
Quiz Lab
Quiz Lab
Gaming
Classic Sonic
Type in answers that appear in a list
Type in answers that appear in a list
Classic
Best Score? Go Orange.
Classic Sonic the Hedgehog 2D Platformers Stats
Can you name the Classic Sonic the Hedgehog 2D Platformers?
By
SkaterAshBob5000
2m
11 Questions
80 Plays
80 Plays
80 Plays
Comments
Comments
Give Quiz Kudos
Give Quiz Kudos
-
- Ratings
hide this ad
More Info
Replay
Link that replays current quiz
Next Quiz
Link to next quiz in quiz playlist
You Got
0%
They Got
Avg Score
83%
Avg Friend Score
Upgrade to see
Score Distribution
Jump to the score distribution portion of the page
Score
0/11
Timer
02:00
0
Plays Today
System
Game
% Correct
Sega Genesis
Sonic the Hedgehog (16-Bit)
98.8%
Sega Game Gear
Sonic the Hedgehog (8-Bit)
98.8%
Sega Game Gear
Sonic the Hedgehog 2 (8-Bit)
97.5%
Sega Genesis
Sonic the Hedgehog 2 (16-Bit)
97.5%
Sega Genesis
Sonic the Hedgehog 3
97.5%
Sega CD
Sonic the Hedgehog CD
93.8%
Sega Genesis
Sonic and Knuckles
92.5%
Sega 32x
Knuckles' Chaotix
66.3%
Sega Game Gear
Sonic the Hedgehog Chaos
62.5%
Sega Game Gear
Sonic the Hedgehog: Triple Trouble
61.3%
Sega Game Gear
Sonic Blast
52.5%
Quiz Playlist
Details
Report
Send in Message
Add To Playlist
More Info:
Includes Sonic 2D Platformers from the Genesis, Sega CD, Game Gear, and 32x (hint,hint) Years 1991-1996
Classic:
Type in answers that appear in a list
Last Updated: Feb 16, 2017
Quiz Scoreboard
CHALLENGE
Sign Up to Join the Scoreboard
Show All
Scores
Hide
Comments
May contain spoilers
Recently Published
Street Fighter Characters
by Artimus82
Gaming
60s
9x9 Crossword: Cartoon Network
by jackfrog10
Miscellaneous
3m
College Basketball Coaching Resumes
by pancakes188
Sports
9m
More to Explore
Quiz From the Vault
Featured Blog Post
Where Did the Easter Bunny Come From?
hide this ad
You Might Also Like...
Tags
classic
Classic Sonic
Hedgehog
Released
sonic
System
Today's Top Quizzes in Gaming
Browse Gaming
hide this ad
Today's Top Quizzes in Classic Sonic
Browse Classic Sonic
Top Contributed Quizzes in Gaming
1
5-to-1: Consoles
2
7-to-1: Board Game Piece Blitz
3
5-to-1: Legend of Zelda
4
League of Legends Pro Players by Career/Team History
5
Destiny 2 exotic weapons by perk icons
6
Ultimate Genshin Impact Logic Puzzle (up to 4.3)
7
Franchise by Action Figure
8
Who's on the WWE 2K24 Cover?
9
Genshin Impact Logic Puzzle Quiz
10
Order the Pokémon Regions
Explore More
Trending Topics
Disney
Crossword
Marvel
Harry Potter
NBA
Anime
Kpop
Soccer
Puzzle
Country
The Office
Pokémon
WWE
NFL
Song
hide this ad
More By:
SkaterAshBob5000
Quiz
Plays
Rating
Category
Featured
Created
Classic Sonic the Hedgehog 2D Platformers
80
Gaming
Jan 9, 2017
Go to Creator's Profile
Score Distribution
Quiz Creator Spotlight
SkaterAshBob5000
Follow
Send a Message
Quizzes Created
-
Created Quiz Play Count
-
More By This Creator
Popular Quizzes Today
1
Find the US States - No Outlines Minefield
2
Find the Countries of Europe - No Outlines Minefield
3
The Countries of the World
4
Find the US States
5
Risky Map Clicking: Biggest States A-Z
6
US States
7
Popular People in 1961
8
Movies - When Are They Set?
More Gaming Quizzes
Fortnite Battle Royale: Location Alliterations
Quiz Lab
Trending Quizzes
Risky Map Clicking: Least Populous States A-Z
Countries of the World: 200 Million BC
1-10 Letter G Words
Risky Map Clicking: Next State Alphabetically
Adjectives in 80s TV Shows
Recently Updated
Leaping Animals
pecheneg
Reality TV Shows (A-Z)
bhenderson79
Rickey Henderson's Hall of Fame Teammates
pecheneg
Champions League XIs: Arsenal
pecheneg
Quick Pick: Celebrities in WWE's Hall of Fame
aduchscher
A-Z Keypad Blitz II
pecheneg
Multiple Oscar Actors
pecheneg
Mystery Phrase Blitz: Oscar 'Best Actors'
pecheneg
F. Scott Fitzgerald Novels
LTH
Pick 3 Villains
ddd62291
Trending Topics
Disney
Marvel
Crossword
Kpop
NBA
Harry Potter
Anime
NFL
WWE
Soccer
Puzzle
Song
Pokémon
The Office
Country
Your Account Isn't Verified!
In order to create a playlist on Sporcle, you need to verify the email address you used during registration. Go to your
Sporcle Settings
to finish the process.
Report this User
Report this user for behavior that violates our
Community Guidelines
.
Details:
Send Report
Go to the Sporcle.com Mobile Site →
Comments